The art spy : (Record no. 414985)
[ view plain ]
| 000 -LEADER | |
|---|---|
| fixed length control field | 02338aam a2200409 i 4500 |
| 001 - CONTROL NUMBER | |
| control field | in902977346 |
| 005 - DATE AND TIME OF LATEST TRANSACTION | |
| control field | 20260112130529.0 |
| 008 - FIXED-LENGTH DATA ELEMENTS--GENERAL INFORMATION | |
| fixed length control field | 250428t20252025nyua b 000 0deng d |
| 020 ## - INTERNATIONAL STANDARD BOOK NUMBER | |
| International Standard Book Number | 9780063295896 |
| Qualifying information | (hardback) |
| 035 ## - SYSTEM CONTROL NUMBER | |
| System control number | (OCoLC)1512661226 |
| 040 ## - CATALOGING SOURCE | |
| Original cataloging agency | TnLvILS |
| Language of cataloging | eng |
| Description conventions | rda |
| Transcribing agency | TnLvILS |
| Modifying agency | TnLvILS |
| 043 ## - GEOGRAPHIC AREA CODE | |
| Geographic area code | e-fr--- |
| 050 #4 - LIBRARY OF CONGRESS CALL NUMBER | |
| Classification number | N9165.F8 |
| Item number | Y68 2025 |
| 082 04 - DEWEY DECIMAL CLASSIFICATION NUMBER | |
| Classification number | 940.53/1 |
| Edition number | 23 |
| 100 1# - MAIN ENTRY--PERSONAL NAME | |
| Personal name | Young, Michelle |
| Fuller form of name | (Michelle T.), |
| Relator term | author. |
| 9 (RLIN) | 6558760 |
| 245 14 - TITLE STATEMENT | |
| Title | The art spy : |
| Remainder of title | the extraordinary untold tale of WWII Resistance hero Rose Valland / |
| Statement of responsibility, etc | Michelle Young. |
| 250 ## - EDITION STATEMENT | |
| Edition statement | First edition. |
| 264 #1 - Production, Publication, Distribution, Manufacture, and Copyright Notice. | |
| Place of production, publication, distribution, manufacture | New York, NY : |
| Name of producer, publisher, distributor, manufacturer | HarperOne, an imprint of HarperCollins Publishers, |
| Date of production, publication, distribution, manufacture, or copyr | [2025] |
| 264 #4 - Production, Publication, Distribution, Manufacture, and Copyright Notice. | |
| Date of production, publication, distribution, manufacture, or copyr | �2025 |
| 300 ## - PHYSICAL DESCRIPTION | |
| Extent | 390 pages : |
| Other physical details | illustrations ; |
| Dimensions | 24 cm |
| 336 ## - Content Type | |
| Content type term | text |
| 336 ## - Content Type | |
| Content type term | still image |
| 337 ## - Media type | |
| Media type term | unmediated |
| 338 ## - Carrier type | |
| Carrier type term | volume |
| 504 ## - BIBLIOGRAPHY, ETC. NOTE | |
| Bibliography, etc | Includes bibliographical references. |
| 520 ## - SUMMARY, ETC. | |
| Summary, etc | "On August 25, 1944, Rose Valland ... found herself in a desperate position. From the windows of her beloved Jeu de Paume museum, where she had worked and ultimately spied, she could see the battle to liberate Paris thundering around her. The Jeu de Paume, co-opted by Nazi leadership, was now the Germans' final line of defense ... Based on troves of previously undiscovered documents, The Art Spy chronicles the brave actions of the key Resistance spy in the heart of the Nazi's art looting headquarters in the French capital ... While Hitler was amassing stolen art for his future F�hrermuseum, Valland, his undercover adversary, secretly worked to stop him"-- |
| -- | Provided by publisher. |
| 600 10 - SUBJECT ADDED ENTRY--PERSONAL NAME | |
| Personal name | Valland, Rose. |
| 9 (RLIN) | 6558761 |
| 610 20 - SUBJECT ADDED ENTRY--CORPORATE NAME | |
| Corporate name or jurisdiction name as entry element | Mus�ee du jeu de paume (France) |
| 9 (RLIN) | 6558762 |
| 650 #0 - SUBJECT ADDED ENTRY--TOPICAL TERM | |
| Topical term or geographic name as entry element | Art museum curators |
| Geographic subdivision | France |
| Form subdivision | Biography. |
| 9 (RLIN) | 6558763 |
| 650 #0 - SUBJECT ADDED ENTRY--TOPICAL TERM | |
| Topical term or geographic name as entry element | Art thefts |
| Geographic subdivision | France |
| General subdivision | History |
| Chronological subdivision | 20th century. |
| 9 (RLIN) | 6558764 |
| 650 #0 - SUBJECT ADDED ENTRY--TOPICAL TERM | |
| Topical term or geographic name as entry element | World War, 1939-1945 |
| General subdivision | Confiscations and contributions |
| Geographic subdivision | France. |
| 9 (RLIN) | 6558765 |
| 650 #0 - SUBJECT ADDED ENTRY--TOPICAL TERM | |
| Topical term or geographic name as entry element | World War, 1939-1945 |
| General subdivision | Art and the war. |
| 9 (RLIN) | 6558766 |
| 650 #0 - SUBJECT ADDED ENTRY--TOPICAL TERM | |
| Topical term or geographic name as entry element | World War, 1939-1945 |
| General subdivision | Destruction and pillage |
| Geographic subdivision | France. |
| 9 (RLIN) | 6558767 |
| 650 #0 - SUBJECT ADDED ENTRY--TOPICAL TERM | |
| Topical term or geographic name as entry element | World War, 1939-1945 |
| General subdivision | Underground movements |
| Geographic subdivision | France. |
| 9 (RLIN) | 5761332 |
| 651 #0 - SUBJECT ADDED ENTRY--GEOGRAPHIC NAME | |
| Geographic name | France |
| General subdivision | History |
| Chronological subdivision | German occupation, 1940-1945. |
| 9 (RLIN) | 84314 |
| 655 #7 - INDEX TERM--GENRE/FORM | |
| Genre/form data or focus term | Biographies. |
| Source of term | lcgft |
| 9 (RLIN) | 5691024 |
| Withdrawn status | Lost status | Source of classification or shelving scheme | Damaged status | Not for loan | Collection code | Home library | Current library | Shelving location | Date acquired | Source of acquisition | Total Checkouts | Total Renewals | Full call number | Barcode | Checked out | Date last seen | Date checked out | Cost, replacement price | Price effective from | Koha item type |
|---|---|---|---|---|---|---|---|---|---|---|---|---|---|---|---|---|---|---|---|---|
| Dewey Decimal Classification | General NonFiction | Wasatch County Library | Wasatch County Library | Second Floor | 01/21/2026 | Ingram | 2 | 2 | Biography Valland | 34301002177444 | 04/17/2026 | 02/18/2026 | 02/18/2026 | 29.99 | 01/21/2026 | BOOK |
